Loading...
Social Science | 3 | 3 | 1 | 1 | 70 | 51 | 85.17 | 2 | 5 |
History - Other History | 2 | 1 | 0 | 0 | 40 | 61 | 74.33 | 3 | 3 |
Literature - World Literature | 2 | 0 | 0 | 0 | 30 | 52 | 62.00 | 1 | 2 |
Literature - American Literature | 0 | 3 | 0 | 1 | 30 | 96 | 112.00 | 0 | 1 |
History - World History | 0 | 3 | 1 | 1 | 25 | 64 | 97.33 | 0 | 1 |
Auditory Arts | 0 | 3 | 3 | 1 | 15 | 100 | 113.33 | 0 | 2 |
Science - Other Science | 0 | 1 | 0 | 1 | 10 | 126 | 126.00 | 0 | 0 |
Geography | 0 | 1 | 0 | 0 | 10 | 101 | 101.00 | 0 | 1 |
Literature - British Literature | 1 | 0 | 1 | 0 | 10 | 36 | 36.00 | 1 | 1 |
Fine Arts - Other Arts | 1 | 0 | 2 | 0 | 5 | 63 | 63.00 | 1 | 1 |
Philosophy | 0 | 1 | 1 | 0 | 5 | 108 | 108.00 | 0 | 0 |
History - American History | 0 | 2 | 3 | 1 | 5 | 72 | 102.50 | 0 | 1 |
Beliefs | 1 | 0 | 2 | 0 | 5 | 63 | 63.00 | 1 | 1 |
Visual Arts | 0 | 1 | 1 | 0 | 5 | 97 | 97.00 | 0 | 1 |
Literature - European Literature | 0 | 1 | 2 | 0 | 0 | 127 | 127.00 | 0 | 0 |
History - European History | 0 | 1 | 2 | 1 | 0 | 145 | 145.00 | 0 | 0 |
Current Events | 0 | 0 | 1 | 0 | -5 | 0.00 | 0 | 0 |